000 00261nam a2200109Ia 4500
008 190216s9999||||xx |||||||||||||| ||und||
100 _aWilliam Shakespeare
245 4 _aThe Complete Work Shakespere
260 _bSpring Books
650 _aEnglish
942 _cBK
999 _c12856
_d12856